• 首页
  • 本馆介绍
  • 公告通知
  • 最新文献
  • 馆藏检索
  • 电子资源
  • 读者导购
  • 参考咨询
  • 我的图书馆
  • 登录
  • 详细信息显示
  • 放入我的书架
  • 预约/预借图书
  • 作者相关作品
  • 分类相关作品
  • 丛书相关作品
  • 出版社相关作品

书目信息

  • 表格格式
  • 工作单格式
  • 卡片格式
书名: Reverse International Acronyms,Initialisms & Abbreviations Dictionary
作者: Julie E.Towell and Helen E.Sheppard.
分册号:
分册名:
出版地: MICHIGAN :
 
出版社: GALE RESEARCH COMPANY
出版时间: c1987.
页数: 898 p. ;
开本: 20cm.
丛书名:
中图分类号:
科图分类号:
其他分类号: H313.6-61
主题词:
电子资源:
000 00497nam 2200157 a 4500
001 E0734106644
005 20070505093259.31
008 070505s1987 00010 eng
020    @a0-8103-2197-1.
040    @aPFT@beng
090    @aH313.6-61
099    @dH313.6-61@e20:3=2
245 1  @aReverse International Acronyms,Initialisms & Abbreviations Dictionary / @cJulie E.Towell and Helen E.Sheppard.@nv.3.
250    @a2nd ed.
260    @aMICHIGAN :@bGALE RESEARCH COMPANY,@cc1987.
300    @a898 p. ;@c20cm.
    
    Reverse International Acronyms,Initialisms & Abbreviations Dictionary / / Julie E.Towell and Helen E.Sheppard.. v.3.-2nd ed.-MICHIGAN : : GALE RESEARCH COMPANY, , c1987.
    898 p. ; ; 20cm.
    
    
    ISBN 0-8103-2197-1.
    
●
相关链接 在E读中查询图书 在五车中查询图书 在当当中查询图书 在豆瓣中查询图书


正题名:Reverse International Acronyms,Initialisms & Abbreviations Dictionary     索取号:H313.6-61/20:3=2         预约/预借

序号 登录号 条形码 馆藏地/架位号 状态 备注
1 184072   001299552   第二样本阅览室/ [索取号:H313.6-61/20:3=2] 在馆    
唐山师范学院图书馆 欢迎您!
大连网信软件有限公司© 版权所有